Fact and fiction (Record no. 65107)

MARC details
000 -LEADER
fixed length control field 00246nam a2200097 4500
082 ## - DEWEY DECIMAL CLASSIFICATION NUMBER
Classification number 192
Item number RUS
100 ## - MAIN ENTRY--PERSONAL NAME
Personal name Russell, Bertrand
245 ## - TITLE STATEMENT
Title Fact and fiction
Statement of responsibility, etc. Bertrand Russell
260 ## - PUBLICATION, DISTRIBUTION, ETC.
Place of publication, distribution, etc. London
Name of publisher, distributor, etc. George Allen & Unwin
Date of publication, distribution, etc. 1961
300 ## - PHYSICAL DESCRIPTION
Extent 282p.; 18cm.
Holdings
Withdrawn status Lost status Damaged status Not for loan Collection code Home library Current library Date acquired Total Checkouts Full call number Barcode Date last seen Date last checked out Price effective from Koha item type
          North Eastern Hill University North Eastern Hill University 25/11/2011 1 192 RUS 156118 11/03/2013 04/03/2013 25/11/2011 Books